00999cam a2200265 a 45000010008000000030004000080050017000120080041000290100016000700400018000860430012001040820008001161000021001242450065001452600053002103000026002634400080002895040039003696510066004086510060004746510062005346510047005966510060006437000030007032843883OSt20230620160526.0840521s1984 nyu b 101 0 eng  a 8471447  aDLCcDLCdDLC ae-ur---00a324 cErik P. Hoffmann04aThe Soviet Union in the 1980s /cedited by Erik P. Hoffmann. aNew York :bAcademy of Political Science,c1984. axii, 244 p. ;c23 cm. 0aProceedings of the Academy of Political Science,x0065-0684 ;vv. 35, no. 3 aIncludes bibliographies and index. 0aSoviet UnionxPolitics and governmenty1945-1991xCongresses. 0aSoviet UnionxSocial conditionsy1970-1991xCongresses. 0aSoviet UnionxEconomic conditionsy1975-1985xCongresses. 0aSoviet UnionxMilitary policyxCongresses. 0aSoviet UnionxForeign relationsy1975-1985xCongresses.1 aHoffmann, Erik P.,d1939-